• 首页
  • 本馆介绍
  • 公告通知
  • 最新文献
  • 馆藏检索
  • 电子资源
  • 读者导购
  • 参考咨询
  • 我的图书馆
  • 登录
  • 详细信息显示
  • 放入我的书架
  • 预约/预借图书
  • 作者相关作品
  • 分类相关作品
  • 丛书相关作品
  • 出版社相关作品

书目信息

  • 表格格式
  • 工作单格式
  • 卡片格式
题名:
锅炉司炉工技术问答
    
 
作者: ;黑龙江省劳动局 编
分册: 下  
出版信息: 哈尔滨   黑龙江科学技术出版社  1981
页数: 259-500页
开本: 19cm
丛书名:
单 册:
中图分类: TK22
科图分类:
主题词: 锅炉
电子资源:
ISBN:
000 00644nam0 2200229 45
001 0181004147
005 20060421101053.79
010    @dCNY1.45
091    @a15217.020
100    @a19950703d1981 em y0chiy0121 ea
101 0  @achi
102    @aCN@b230000
105    @ay z 000yy
200 10 @a锅炉司炉工技术问答@h下@Aguo lu si lu gong ji shu wen da@f黑龙江省劳动局编
210    @a哈尔滨@c黑龙江科学技术出版社@d1981
215    @a259-500页@d19cm
606 0  @a锅炉
690    @aTK22
711 02 @a黑龙江省劳动局@Ahei long jiang sheng lao dong ju@4编
801  2 @aCN@bNLC@c20060421
801  0 @aCN@b上海图书馆@c20040520
905    @dTK22@e7:2
    
    锅炉司炉工技术问答.下/黑龙江省劳动局编.-哈尔滨:黑龙江科学技术出版社,1981
    259-500页;19cm
    
    
    ISBN :CNY1.45
    
●
相关链接 在E读中查询图书 在五车中查询图书 在当当中查询图书 在豆瓣中查询图书


正题名:锅炉司炉工技术问答     索取号:TK22/7:2         预约/预借

序号 登录号 条形码 馆藏地/架位号 状态 备注
1 0106629   001367167   第三借阅区/ [索取号:TK22/7:2] 在馆    
2 0106630   202279569   密集书库/ [索取号:TK22/7:2] 在馆    
唐山师范学院图书馆 欢迎您!
大连网信软件有限公司© 版权所有